Every Scottish Stadium - Statistics

General Stats
  • This quiz has been taken 3 times
  • The average score is 32 of 42
Answer Stats
Stadium League Team % Correct
Pittodrie Premiership Aberdeen
100%
Gayfield Park Championship Arbroath
100%
Somerset Park Championship Ayr United
100%
Parkhead Premiership Celtic
100%
Den's Park Premiership Dundee
100%
Tannadice Premiership Dundee United
100%
Bayview Park League 1 East Fife
100%
Cappielow Championship Greenock Morton
100%
Broadwood Stadium League 1 Hamilton
100%
Tynecastle Premiership Hearts
100%
Easter Road Premiership Hibernian
100%
Rugby Park Premiership Kilmarnock
100%
Balmoor Park League 1 Peterhead
100%
Palmerston Park League 1 Queen of the South
100%
Starks Park Championship Raith Rovers
100%
Ibrox Premiership Rangers
100%
Ochilview Park League 1 Stenhousemuir
100%
Forthbank Stadium League 2 Stirling Albion
100%
McDiarmid Park Championship St Johnstone
100%
Smisa Stadium Premiership St Mirren
100%
Indodrill Park League 1 Alloa Athletic
67%
Galabank Park League 2 Annan Athletic
67%
New Douglas Park League 2 Clyde
67%
Balmoral Park League 1 Cove Rangers
67%
The Rock League 2 Dumbarton
67%
K-Park Training Academy League 2 East Kilbride
67%
Meadowbank League 2 Edinburgh City
67%
Westfield Stadium Premiership Falkirk
67%
Caledonian Stadium League 1 Inverness Caley
67%
New Central Park League 1 Kelty Hearts
67%
Almondvale Stadium Premiership Livingston
67%
Links Park Stadium League 1 Montrose
67%
Fir Park Premiership Motherwell
67%
Fir Hill Championship Partick Thistle
67%
Lesser Hampden Championship Queens Park
67%
Ainslie Parl League 2 Spartans
67%
East End Park Championship Dumfermline
33%
Borough Briggs League 2 Elgin City
33%
Victoria Park Championship Ross County
33%
Excelsior Stadium Championship Airdrieoneans
0%
Station Park League 2 Forfar United
0%
Stair Park League 2 Stranraer
0%
No matching quizzes found
Score Distribution
Percent of People with Each Score
Percentile by Number Answered
Your Score History
You have not taken this quiz